Sports Quiz

Random Sports or NHL Quiz

NHL 2017 Second Round GWG's Quiz Stats

 Plays Quiz not verified by Sporcle

Challenge
Share
Tweet
Embed
Score 0/26 Timer 08:00
0 Plays Today
Series Player % Correct
OTT-NYRErik Karlsson
88.4%
OTT-NYRErik Karlsson
88.4%
ANA-EDMCorey Perry
87.6%
STL-NSHVladimir Tarasenko
80.6%
ANA-EDMLeon Draisaitl
79.8%
WSH-PITJake Guentzel
74.4%
STL-NSHRyan Johansen
73.6%
WSH-PITNicklas Backstrom
73.6%
OTT-NYRJean-Gabriel Pageau
69.8%
OTT-NYRKyle Turris
62%
STL-NSHJames Neal
60.5%
ANA-EDMJakub Silfverberg
60.5%
WSH-PITEvgeny Kuznetsov
56.6%
Series Player % Correct
ANA-EDMPatrick Maroon
53.5%
WSH-PITBryan Rust
53.5%
WSH-PITNick Bonino
50.4%
WSH-PITJustin Schultz
49.6%
WSH-PITKevin Shattenkirk
48.8%
STL-NSHJaden Schwartz
46.5%
ANA-EDMAdam Larsson
45%
ANA-EDMNick Ritchie
33.3%
OTT-NYRMichael Grabner
27.9%
STL-NSHVernon Fiddler
21.7%
OTT-NYROscar Lindberg
20.9%
STL-NSHCody McLeod
19.4%
ANA-EDMChris Wagner
11.6%

You're not logged in!

Compare scores with friends on all Sporcle quizzes.
OR
Log In

You Might Also Like...

Show Comments

Extras

Top Quizzes Today


Score Distribution

Your Account Isn't Verified!

In order to create a playlist on Sporcle, you need to verify the email address you used during registration. Go to your Sporcle Settings to finish the process.

Report this User

Report this user for behavior that violates our Community Guidelines.

Details: